000 00478nam a2200169Ia 4500
008 151213s9999 xx 000 0 und d
020 _a984-8674-14-4
082 _a330.5492
_b330.5492
100 _aTanzid Ahmed Chaowdhury
245 _aSocio Economics Condition in Bangladesh
_cTanzid Ahmed Chaowdhury
260 _aDhaka
_bNew Age Publication
_c2008
300 _a8405 p.
650 _aEconomics
650 _aEconomics
700 _aTanzid Ahmed Chaowdhury
999 _c4243
_d4243